000 00408nam a2200181Ia 4500
003 IT-RoPAU
005 20220918175341.0
008 120407s9999 xx 000 0 und d
040 _aIT-RoPAU
040 _cIT-RoPAU
245 _aLiturgia della settimana santa e ottava di Pasqua
245 _cAA.VV.
250 _aTorino
260 _aElle Di Ci
300 _c cm
490 _v1
942 _cBK
_2ddc
999 _c5844
_d5844